| 000 -ლიდერი |
| ფიქსირებული სიგრძის საკონტროლო ველი |
01152nam a22002057a 4500 |
| 003 - საკონტროლო ნომრის იდენტიფიკატორი |
| საკონტროლო ველი |
Ge_BSU |
| 005 - ბოლო ოპერაციის თარიღი და დრო |
| საკონტროლო ველი |
20260313162459.0 |
| 008 - ფიქსირებული სიგრძის მონაცემთა ელემენტები - ზოგადი ინფორმაცია |
| ფიქსირებული სიგრძის საკონტროლო ველი |
260313s1961 ge ||||| |||| 00| 0 geo d |
| 041 ## - ენის კოდი |
| Language code of text/sound track or separate title |
geo |
| 080 ## - უნივერსალური ათობითი კლასიფიკაციის ინდექსი |
| Universal Decimal Classification number |
910(479.22)(092) გ-96 |
| 100 ## - მთავარი ჩანაწერი - პიროვნების სახელი |
| Personal name |
გურგენიძე, გივი |
| 9 (RLIN) |
25892 |
| 245 ## - ცნობა სათაურის შესახებ |
| Title |
ვახუშტი - საქართველოს სახალხო მეურნეობის მკვლევარი-ეკონომგეოგრაფი / |
| Statement of responsibility, etc |
გივი გურგენიძე; [ალ. ჯავახიშვილის წინასიტყვაობით და რედ.]; საქ. სსრ მეცნ. აკადემია. |
| 264 ## - წარმოების, გამოცემის, დისტრიბუციის და სხვა ცნობები |
| გამოცემის, წარმოების, დისტრიბუციის... ადგილი |
თბილისი : |
| გამოცემის, წარმოების, დისტრიბუციის... სახელწოდება |
საქ. სსრ მეცნ. აკად. გამ-ბა, |
| გამოცემის, წარმოების, დისტრიბუციის... თარიღი |
1961. |
| 300 ## - ფიზიკური აღწერა |
| Extent |
73 გვ. : |
| Other physical details |
2ფ. ილ. ; |
| Dimensions |
20 სმ. |
| 504 ## - BIBLIOGRAPHY, ETC. NOTE |
| Bibliography, etc |
ბიბლიოგრ: გვ. 68-71. |
| 520 ## - SUMMARY, ETC. |
| Summary, etc |
რეზ. რუს. ენ. |
| 653 ## - INDEX TERM--UNCONTROLLED |
| Uncontrolled term |
ვახუშტი ბაგრატიონი |
| 653 ## - INDEX TERM--UNCONTROLLED |
| Uncontrolled term |
ქართველი გეოგრაფები |
| 942 ## - ADDED ENTRY ELEMENTS (KOHA) |
| Source of classification or shelving scheme |
|
| Koha item type |
წიგნი |